Movies Quiz

Random Movies or Actor Quiz

What Movie? Actors' Movies by Tagline II Quiz Stats

Quiz Updated Jan 31, 2016

Challenge
Share
Tweet
Embed
Score 0/36 Timer 08:00
3 Plays Today
% Correct
Anchorman: The Legend of Ron Burgundy
91.1%
Taken
90.2%
Kindergarten Cop
78.6%
The Martian
76.5%
Speed
73.5%
The Last Samurai
67.2%
Gladiator
66.7%
Minority Report
64.7%
Predator
63.4%
The Other Guys
62.2%
Good Will Hunting
59.8%
American History X
59.7%
Point Break
59.3%
Braveheart
59.2%
The Day After Tomorrow
58.2%
500 Days of Summer
57.7%
National Treasure
54.5%
10 Things I Hate About You
53.7%
% Correct
Maverick
50.9%
Risky Business
50.2%
What Women Want
48%
The Running Man
40.1%
Stranger Than Fiction
38.4%
The Talented Mr. Ripley
37%
Nightcrawler
33.7%
John Wick
29.9%
Adaptation
29.6%
Cinderella Man
29.3%
Jarhead
28.5%
Red Dragon
24%
Kinsey
23.7%
The Insider
19.5%
Don Jon
18.8%
Matchstick Men
13.7%
The A-Team
13.4%
25th Hour
12.3%

You're not logged in!

Compare scores with friends on all Sporcle quizzes.
Join for Free
OR
Log In

You Might Also Like...

Show Comments

Extras

Top Quizzes Today


Score Distribution

Your Account Isn't Verified!

In order to create a playlist on Sporcle, you need to verify the email address you used during registration. Go to your Sporcle Settings to finish the process.

Report this User

Report this user for behavior that violates our Community Guidelines.

Details: